Science Contest Trivia (Easy) - Statistics

General Stats
  • This quiz has been taken 347 times
  • The average score is 14 of 20
Answer Stats
Hint Answer % Correct
Largest planet in the solar system Jupiter
95%
Fastest land animal Cheetah
93%
Invented the law of gravitation Isaac Newton
90%
Most abundant gas on the planet Nitrogen
88%
Most widely accepted scientific theory of how the universe started Big Bang Theory
82%
Gas that plants take in for photosynthesis Carbon Dioxide
82%
Liquid element used inside thermometers Mercury
81%
Outer most layer of the Earth Crust
79%
Green pigment in a plant Chlorophyll
75%
Main source of energy on earth Sun
74%
Powerhouse of the cell Mitochondria
71%
Fourth state of matter Plasma
69%
Formed when light hits prism Rainbow
68%
Opposite of recessive trait Dominant Trait
63%
What do you call this discovery relating to right triangles? a2 + b2 = c2 Pythagorean Theorem
60%
Type of mammal that has a pouch e.g. kangaroo Marsupial
57%
Another name for kneecap Patella
54%
Rate of change of speed Acceleration
53%
Term to refer to near-sightedness Myopia
39%
Process to separate insoluble solid particles from liquid Filtration
30%
No matching quizzes found
Score Distribution
Percent of People with Each Score
Percentile by Number Answered
Your Score History
You have not taken this quiz